000 01335cad a22002535a 4500
001 E147093
008 090331s2009 xxkado f f 000 0 eng d
020 _a9781842194768
035 _a(Sirsi) u147093
041 0 _aeng
050 0 4 _a333.7 $2 18
100 1 _aEichholtz, Piet
245 0 0 _aDoing well by doing good?
_ban analysis of the financial performance of green office buildings in the USA
_h[electronic resource]
260 _aLondon
_bRICS
_c2009
490 0 _aRICS Research
_vMarch 2009
505 2 _aPart A: summary -- Part B: technical paper: introduction; social responsibility; data on commercial buildings; empirical analysis -- Conclusions -- References -- Figures -- Tables -- Conclusions -- Appendices
520 _aPresents the results of research into whether investors are willing to pay a premium for green buildings. Finds that such a premium exists for the rents that "green" buildings with the Energy Star rating can command, but finds no such premium for LEED-rated buildings.
651 4 _aUnited States
_y1959-
690 _aENVIRONMENTAL AND LAND CONSULTANCY-ENERGY-ENERGY USE-ENERGY EFFICIENCY
700 1 _aKok, Nils
700 1 _aQuigley, John
856 4 0 _uhttps://www.rics.org/Global/Downloads/Doing_Well_by_Doing_Good.pdf
_zView the report free of charge at www.rics.org...
942 _n0
999 _c109444
_d109444